Catalog

Record Details

Catalog Search



O filosofii psychologie  Cover Image Book Book

O filosofii psychologie / Ludwig Wittgenstein ; přeložili: Ondřej Beran, Jan Kolář

Record details

  • ISBN: 978-80-7465-573-9
  • Physical Description: 513 stran : ilustrace ; 24 cm
  • Publisher: Červený Kostelec : Pavel Mervart, 2022

Content descriptions

General Note:
Přeloženo z němčiny
Bibliography, etc. Note:
Obsahuje bibliografické odkazy
Formatted Contents Note:
Poznámky o filosofii psychologie -- Poslední zápisky o filosofii psychologie
Language Note:
Anglické resumé
Subject: smyslové vnímání > psychologické pojetí
smyslové vnímání > filozofické pojetí
prožitek
psychologie a filozofie
senses and sensation > psychological approach
senses and sensation > philosophical approach
experience
psychology and philosophy
Genre: monografie
poznámky
monographs
notes

Available copies

  • 1 of 1 copy available at Common Catalog SPOK.

Holds

  • 0 current holds with 1 total copy.
Show All Copies
Location Call Number / Copy Notes Barcode Shelving Location Status Due Date
Jabok Library Psy-3/W 424480044889 Odborná literatura Available -

LDR 02085nam a2200589 i 4500
00152386
003CZ-PrJAB
00520230519101651.0
007ta
008230217s2022 xr a f 000 0 cze
015 . ‡acnb003501297
020 . ‡a978-80-7465-573-9 ‡q(brožováno)
035 . ‡a(CZ PrNK)nkc20233501297
035 . ‡a(OCoLC)1375349622
040 . ‡aABA001 ‡bcze ‡erda
0411 . ‡acze ‡beng ‡hger
072 7. ‡a101 ‡xFilozofie ‡2Konspekt ‡95
080 . ‡a159.93 ‡2MRF
080 . ‡a159.9 ‡2MRF
080 . ‡a101 ‡2MRF
080 . ‡a130.122 ‡2MRF
080 . ‡a159.923.35 ‡2MRF
080 . ‡a159.9:101 ‡2MRF
080 . ‡a(048.8) ‡2MRF
080 . ‡a(047.6) ‡2MRF
1001 . ‡aWittgenstein, Ludwig, ‡d1889-1951 ‡7jn19990009220 ‡4aut
24510. ‡aO filosofii psychologie / ‡cLudwig Wittgenstein ; přeložili: Ondřej Beran, Jan Kolář
264 1. ‡aČervený Kostelec : ‡bPavel Mervart, ‡c2022
300 . ‡a513 stran : ‡bilustrace ; ‡c24 cm
336 . ‡atext ‡btxt ‡2rdacontent
337 . ‡abez média ‡bn ‡2rdamedia
338 . ‡asvazek ‡bnc ‡2rdacarrier
500 . ‡aPřeloženo z němčiny
504 . ‡aObsahuje bibliografické odkazy
50500. ‡tPoznámky o filosofii psychologie -- ‡tPoslední zápisky o filosofii psychologie
546 . ‡aAnglické resumé
65007. ‡asmyslové vnímání ‡7ph116195 ‡xpsychologické pojetí ‡2czenas
65007. ‡asmyslové vnímání ‡7ph116195 ‡xfilozofické pojetí ‡2czenas
65007. ‡aprožitek ‡7ph124691 ‡2czenas
65007. ‡apsychologie a filozofie ‡7ph958793 ‡2czenas
65009. ‡asenses and sensation ‡xpsychological approach ‡2eczenas
65009. ‡asenses and sensation ‡xphilosophical approach ‡2eczenas
65009. ‡aexperience ‡2eczenas
65009. ‡apsychology and philosophy ‡2eczenas
655 7. ‡amonografie ‡7fd132842 ‡2czenas
655 7. ‡apoznámky ‡7fd133108 ‡2czenas
655 9. ‡amonographs ‡2eczenas
655 9. ‡anotes ‡2eczenas
7001 . ‡aBeran, Ondřej, ‡d1979- ‡7jx20100602006 ‡4trl
7001 . ‡aKolář, Jan ‡7xx0143643 ‡4trl
910 . ‡aABG312
995 . ‡aska
901 . ‡a52386 ‡bAUTOGEN ‡c52386 ‡tbiblio

Additional Resources